Регионална библиотека "Любен Каравелов" - Русе

Иван Б. Иванов : живот и творчество (Запис номер 499960)

MARC детайли
000 -Лидер
Лидер 02560nam a2200397 a 4500
003 - Код на организацията, давaща контролен номер
Код на организацията, даваща контролен номер BLK
005 - Дата и час на последна редакция
Дата и час на последна редакция 20240709143024.0
007 - Фиксирано поле за физическо описани
Физическо описание ta
008 - Елементи от данни с фиксирана дължина
Елементи с фиксирана дължина 221104b bu |||||r|||| 00| | bu d
020 ## - Международен стандартен номер на книга ISBN
ISBN 978-619-04-0103-2
040 ## - Източник на каталожния запис
Код на библиотеката BLK
041 ## - Код за език
Език Български
-- Английски
-- Френски
Език за КДБФ Български
080 ## - УДК
9 (RLIN) 231143
УДК текст Живопис - художници
УДК код 75.071.1
УДК – определител (497.2)(092)(083.824)
УДК – код + определител 75.071.1(497.2)(092)(083.824)
080 ## - УДК
9 (RLIN) 228915
УДК текст Български художник
УДК код 929 Иванов, Иван Борисов
УДК – код + определител 929 Иванов, Иван Борисов
084 ## - Класификационен индекс по друга класификация
Авторски знак Иванов - И 21
100 1# - Редна дума - Автор
R(LIN) 70742
Автор Иванов, Иван Борисов
245 ## - Сведения за заглавието
Заглавие Иван Б. Иванов : живот и творчество
Авторска отговорност състав. Мариела Маламатенова ; текстове Анелия Николаева и др.; прев. Габриела Каменска и др.
246 11 - Различни форми на заглавието
Различни форми на заглавието Ivan B. Ivanov : life and works / [comp.] Mariela Malamatenova ; texts Anelia Nikolaeva
246 11 - Различни форми на заглавието
Различни форми на заглавието Ivan B. Ivanov : Vie et Oeuvre
260 ## - Област на издателските данни
9 (RLIN) 490421
Място на издаване Търговище
Име на издателя Худож. галерия "Никола Маринов"
Година на издаване 2023
Печатница София : Булвест Принт
300 ## - Физическа характеристика
Брой страници 1 албум (192 с.)
Илюстрации с цв. ил., портр.
Размер 28 см
380 ## - Жанр
Жанр Изкуство
500 ## - Общи забележки
Обща забележка Други авт. на текст: Филип Зидаров, Калин Николов, Мария Василева, Мариела Маламатенова, Ружа Маринска<br/>Други прев.: Katerina Malamat, Ivan Malamat<br/>Пълната форма на името на авт. на текст Анелия Николаева е Анелия Николаева Ангелова, на прев. Katerina Malamat e Катерина Петрова Маламатенова, на прев. Ivan Malamat - Иван Петров Маламатенов
600 #0 - Име на лице, използвано като предмет
9 (RLIN) 281220
За него / За нея Иванов, Иван Борисов
650 #0 - Допълнително описание по предмет – тема
9 (RLIN) 280337
Предметна рубрика Художници, български - творчество
650 #0 - Допълнително описание по предмет – тема
9 (RLIN) 280117
Предметна рубрика България - изобразителни изкуства
653 ## - Ключова дума – ненормативна
9 (RLIN) 186630
Ключови думи живописци
653 ## - Ключова дума – ненормативна
9 (RLIN) 405437
Ключови думи творчески портрети
700 ## - Други автори (авторска отговорност)
9 (RLIN) 490422
Друг автор Маламатенова, Мариела Иванова
700 ## - Други автори (авторска отговорност)
9 (RLIN) 386910
Друг автор Николаева, Анелия
Авт. отговорност на др. автор състав.
700 ## - Други автори (авторска отговорност)
9 (RLIN) 493636
Друг автор Каменска, Габриела
852 ## - Местоположение
Сигнатура (форматна) Цб ІІ 32561
Отдел Хранилище
852 ## - Местоположение
Отдел Отдел Изкуство - подръчен фонд
Систематично-азбучна сигнатура 75(497.2)(092)/И 21 И
942 ## - АРТИКУЛИ
Вид на библиотечния документ Книги
Скрит в OPAC Не
944 ## - СЪЗДАВАНЕ И РЕДАКЦИЯ на ЗАПИСА
Създаване/Редакция Създаване
Дата на регистрацията/редакция 2024-07-09
Служител, извършил регистрацията/редакцията 30540
Номер на служител Севдалина Тодорова
999 ## - СИСТЕМНИ КОНТРОЛНИ НОМЕРА
Koha biblionumber 499960
Koha biblioitemnumber 499960
Наличности
Код за отписване Код за изгубен артикул Източник на класификационната схема Код за повреда Коз за рестрикции Код за отдаване Артикулен № Име на библиотеката - собственик Име на библиотеката, в която се намира в момента Статус (Текущо местоположение) Дата на вписване в системата Местоположение - отдел Цена в лева Инвентарен номер Систематично азбучна сигнатура Баркод Цена в евро Служебен тип на артикула
  Не е изгубен Universal Decimal Classification Не е повреден само за читалня ползва се в читалня 938985 Регионална библиотека "Любен Каравелов" Русе Регионална библиотека "Любен Каравелов" Русе Хранилище 2024-01-16 Хранилище 21.00 120000897996 Цб ІІ 32561 120000897996 10.74 Книги
  Не е изгубен Universal Decimal Classification Не е повреден   заемане за дома 945852 Регионална библиотека "Любен Каравелов" Русе Регионална библиотека "Любен Каравелов" Русе Отдел Изкуство - подръчен фонд 2024-07-11 Отдел Изкуство - подръчен фонд 21.00 120000910988 75(497.2)(092)/И 21 И 120000910988 10.74 Книги
Vip Innovations Ltd, Rousse, Bulgaria 2025